[Event "Mittelrhein Verbandsliga-M 16/17"]
[Site "Nordrheinwestfalen"]
[Date "2017.04.09"]
[Round "10.8"]
[White "Lenk, Ulrich"]
[Black "Pirastu, Mario"]
[Result "0-1"]
[WhiteElo "1710"]
[BlackElo "1507"]
[PlyCount "55"]
[EventDate "2016.09.11"]
[EventType "team-tourn"]
[EventRounds "11"]
[EventCountry "GER"]
[SourceTitle "EXT 2022"]
[Source "ChessBase"]
[SourceDate "2021.10.06"]
[SourceVersion "1"]
[SourceVersionDate "2021.10.06"]
[SourceQuality "1"]
[WhiteTeam "Koeln Ford SF"]
[BlackTeam "Gruenfeld"]
[WhiteTeamCountry "GER"]
[BlackTeamCountry "GER"]

1. Nf3 Nf6 2. d4 d5 3. c4 c5 4. Nc3 e6 5. Bg5 cxd4 6. Nxd4 Be7 7. e3 e5 8. Nb3 Bg4 9. Be2 Bxe2 10. Qxe2 dxc4 11. Qxc4 0-0 12. 0-0 Nc6 13. Rfd1 Qe8 14. Rac1 Nd7 15. Bxe7 Qxe7 16. Nd5 Qd8 17. Nf6+ Qxf6 18. Rxd7 Rab8 19. Qb5 e4 20. Nc5 Ne5 21. Rxb7 Rxb7 22. Qxb7 Nd3 23. Nxe4 Qe6 24. Rd1 Qxa2 25. Nc3 Qxb2 26. Qxb2 Nxb2 27. Rb1 Nc4 28. Kf1 0-1

[Event "Cologne Ford op 17th"]
[Site "Cologne"]
[Date "2011.04.18"]
[Round "2"]
[White "Lenk, Ulrich"]
[Black "Gorissen, Hubert"]
[Result "0-1"]
[WhiteElo "1640"]
[BlackElo "1952"]
[PlyCount "78"]
[EventDate "2011.04.12"]
[EventType "swiss"]
[EventRounds "7"]
[EventCountry "GER"]
[SourceTitle "EXT 2012"]
[Source "ChessBase"]
[SourceDate "2011.11.24"]
[SourceVersion "1"]
[SourceVersionDate "2011.11.24"]
[SourceQuality "1"]

1. d4 e6 2. c4 b6 3. Nf3 Bb7 4. a3 f5 5. Nc3 Nf6 6. Bg5 Be7 7. e3 0-0 8. Bd3 Ne4 9. Bxe7 Qxe7 10. 0-0 Nxc3 11. bxc3 d6 12. Qe2 Be4 13. Bxe4 fxe4 14. Nd2 d5 15. cxd5 exd5 16. c4 c6 17. cxd5 cxd5 18. Rfc1 Nd7 19. Rc7 Rfc8 20. Rac1 Rxc7 21. Rxc7 Qd6 22. Qb5 Nf6 23. Qc6 Qxc6 24. Rxc6 Rb8 25. Nb1 a5 26. a4 b5 27. axb5 Rxb5 28. Nc3 a4 29. Kf1 Ra5 30. Rc5 Ra7 31. Nb5 Ra8 32. Na3 Kf8 33. Ke2 g5 34. h3 Ra6 35. Kd2 Ke7 36. Kc3 Ke6 37. Kb4 Nd7 38. Rc7 Rb6+ 39. Kxa4 Rb2 0-1

[Event "Cologne Ford op"]
[Site "Cologne"]
[Date "2010.05.17"]
[Round "5"]
[White "Immel, John Christian"]
[Black "Lenk, Ulrich"]
[Result "1-0"]
[WhiteElo "1466"]
[BlackElo "1685"]
[PlyCount "62"]
[EventDate "2010.04.19"]
[EventType "swiss"]
[EventRounds "7"]
[EventCountry "GER"]
[SourceTitle "EXT 2011"]
[Source "ChessBase"]
[SourceDate "2010.11.26"]
[SourceVersion "1"]
[SourceVersionDate "2010.11.26"]
[SourceQuality "1"]

1. e4 c6 2. d4 d5 3. exd5 cxd5 4. Bd3 Nf6 5. h3 g6 6. Bf4 Nc6 7. c3 Bg7 8. Qc2 0-0 9. Nf3 Nd7 10. Nbd2 e5 11. dxe5 Ndxe5 12. Nxe5 Nxe5 13. Bxe5 Bxe5 14. Nf3 Bg7 15. 0-0 Qb6 16. Rfe1 Qd6 17. Rad1 Bd7 18. Bf1 Bc6 19. Nd4 Rfe8 20. Rxe8+ Bxe8 21. Bb5 Bxb5 22. Nxb5 Qc5 23. Nd4 Rc8 24. Qb3 b6 25. Nb5 Rd8 26. Nxa7 d4 27. Nb5 d3 28. Na3 Bh6 29. Nc4 d2 30. Qxb6 Qe7 31. Ne3 Qe4 1-0

[Event "Cologne Ford op"]
[Site "Cologne"]
[Date "2009.06.08"]
[Round "6"]
[White "Lenk, Ulrich"]
[Black "Strick, Gregor"]
[Result "1-0"]
[WhiteElo "1667"]
[BlackElo "100"]
[PlyCount "61"]
[EventDate "2009.04.27"]
[EventType "swiss"]
[EventRounds "7"]
[EventCountry "GER"]
[SourceTitle "EXT 2011"]
[Source "ChessBase"]
[SourceDate "2010.11.26"]
[SourceVersion "1"]
[SourceVersionDate "2010.11.26"]
[SourceQuality "1"]

1. d4 Nf6 2. Nf3 g6 3. c4 Bg7 4. Nc3 d6 5. e4 0-0 6. Be2 e5 7. d5 a5 8. Bg5 h6 9. Bh4 Na6 10. Nd2 Qe8 11. 0-0 Nh7 12. a3 Bd7 13. b3 h5 14. f3 Bh6 15. Bf2 Qe7 16. Rb1 h4 17. b4 axb4 18. axb4 Bf4 19. Nb3 b6 20. Nc1 Qg5 21. Kh1 Nf6 22. Qe1 Bd2 23. Bxh4 Bxe1 24. Bxg5 Bxc3 25. Bxf6 Bxb4 26. Nd3 Bc3 27. f4 Nc5 28. Nxc5 dxc5 29. g4 Ra2 30. f5 Rxe2 31. Rf3 1-0

[Event "Cologne-ch 05"]
[Site "Cologne"]
[Date "2005.01.08"]
[Round "4"]
[White "Raabe, Joachim"]
[Black "Lenk, Ulrich"]
[Result "1-0"]
[WhiteElo "1851"]
[BlackElo "1767"]
[PlyCount "53"]
[EventDate "2004.12.04"]
[EventType "swiss"]
[EventRounds "7"]
[EventCountry "GER"]
[SourceTitle "EXT 2006"]
[Source "ChessBase"]
[SourceDate "2005.11.24"]
[SourceVersion "1"]
[SourceVersionDate "2005.11.24"]
[SourceQuality "1"]

1. c4 e5 2. g3 Nc6 3. Bg2 f5 4. d3 Bb4+ 5. Bd2 a5 6. Nc3 Nf6 7. a3 Bxc3 8. Bxc3 d6 9. e3 0-0 10. Ne2 Qe8 11. 0-0 Kh8 12. b4 Qh5 13. b5 Ne7 14. Qd2 g5 15. f4 Ng6 16. d4 gxf4 17. exf4 Ne4 18. Bxe4 fxe4 19. dxe5 dxe5 20. fxe5 Bh3 21. Nf4 Nxf4 22. Rxf4 Be6 23. Raf1 Kg8 24. Rxf8+ Rxf8 25. Rxf8+ Kxf8 26. Qd8+ Kf7 27. Qf6+ 1-0

[Event "Cologne Longerich op 3rd"]
[Site "Cologne"]
[Date "2004.06.26"]
[Round "1"]
[White "Lenk, Ulrich"]
[Black "Goedicke, Leni"]
[Result "1-0"]
[WhiteElo "1776"]
[BlackElo "1262"]
[PlyCount "47"]
[EventDate "2004.06.26"]
[EventType "swiss"]
[EventRounds "7"]
[EventCountry "GER"]
[SourceTitle "EXT 2006"]
[Source "ChessBase"]
[SourceDate "2005.11.24"]
[SourceVersion "1"]
[SourceVersionDate "2005.11.24"]
[SourceQuality "1"]

1. d4 d5 2. Nf3 Nf6 3. c4 c6 4. Nc3 e6 5. Bg5 Nbd7 6. e3 b6 7. cxd5 exd5 8. Bd3 Be7 9. Qc2 Bb7 10. 0-0 Rc8 11. Rac1 c5 12. Bf5 g6 13. Bh3 cxd4 14. exd4 Ne4 15. Bxe7 Qxe7 16. Ne5 Rc7 17. Bxd7+ Rxd7 18. Qa4 Bc8 19. Nxd5 Qd8 20. Rfe1 0-0 21. Rxc8 Qxc8 22. Qxd7 Qxd7 23. Nxd7 Rc8 24. Ne7+ 1-0